Can a moving charge or a varying dipole produce a constant field?; European Journal of Physics; Vol. 36, No. 6
| Parent link: | European Journal of Physics Vol. 36, No. 6.— 2015.— [065013, 10 p.] |
|---|---|
| 第一著者: | |
| その他の著者: | , |
| 要約: | Title screen Although the electromagnetic field of a given distribution of charge and current is unambiguously defined by the Maxwell equations, there is no unique inverse correspondence between this field and point-like sources. We prove this statement for electric and magnetic dipoles and discuss two examples when the same field at some point or in some region is generated by either a dipole or an electric charge that are varying in different ways. The electric and magnetic fields of the charge depend on its speed and the distance between the charge and the observation point. It is shown that it is possible to find a law of motion for the charge in which the variation in the distance to the observer is compensated for by variation in the velocity of the charge. One particular example of the motion of a charge is discussed, wherein the electric and magnetic fields at a specific point of observation remain constant. The issues discussed could be of interest to both scientists and scholars. Режим доступа: по договору с организацией-держателем ресурса |
| 言語: | 英語 |
| 出版事項: |
2015
|
| 主題: | |
| オンライン・アクセス: | https://doi.org/10.1088/0143-0807/36/6/065013 |
| フォーマット: | MixedMaterials 電子媒体 図書の章 |
| KOHA link: | https://koha.lib.tpu.ru/cgi-bin/koha/opac-detail.pl?biblionumber=654578 |
MARC
| LEADER | 00000naa0a2200000 4500 | ||
|---|---|---|---|
| 001 | 654578 | ||
| 005 | 20250312143756.0 | ||
| 035 | |a (RuTPU)RU\TPU\network\20214 | ||
| 090 | |a 654578 | ||
| 100 | |a 20170504d2015 k||y0rusy50 ba | ||
| 101 | 0 | |a eng | |
| 135 | |a drcn ---uucaa | ||
| 181 | 0 | |a i | |
| 182 | 0 | |a b | |
| 200 | 1 | |a Can a moving charge or a varying dipole produce a constant field? |f S. E. Boichenko, V. Ya. Epp, Yu. G. Janz | |
| 203 | |a Text |c electronic | ||
| 300 | |a Title screen | ||
| 320 | |a [References: 14 tit.] | ||
| 330 | |a Although the electromagnetic field of a given distribution of charge and current is unambiguously defined by the Maxwell equations, there is no unique inverse correspondence between this field and point-like sources. We prove this statement for electric and magnetic dipoles and discuss two examples when the same field at some point or in some region is generated by either a dipole or an electric charge that are varying in different ways. The electric and magnetic fields of the charge depend on its speed and the distance between the charge and the observation point. It is shown that it is possible to find a law of motion for the charge in which the variation in the distance to the observer is compensated for by variation in the velocity of the charge. One particular example of the motion of a charge is discussed, wherein the electric and magnetic fields at a specific point of observation remain constant. The issues discussed could be of interest to both scientists and scholars. | ||
| 333 | |a Режим доступа: по договору с организацией-держателем ресурса | ||
| 461 | |t European Journal of Physics | ||
| 463 | |t Vol. 36, No. 6 |v [065013, 10 p.] |d 2015 | ||
| 610 | 1 | |a электронный ресурс | |
| 610 | 1 | |a труды учёных ТПУ | |
| 700 | 1 | |a Boichenko |b S. E. | |
| 701 | 1 | |a Epp |b V. Ya. |g Vladimir Yakovlevich | |
| 701 | 1 | |a Janz |b Yu. G. |c specialist in the field of material science |c Associate Scientistof Tomsk Polytechnic University, Candidate of physical and mathematical sciences |f 1986- |g Yuliya Gennadjevna |3 (RuTPU)RU\TPU\pers\38480 |9 20795 | |
| 801 | 2 | |a RU |b 63413507 |c 20170504 |g RCR | |
| 856 | 4 | |u https://doi.org/10.1088/0143-0807/36/6/065013 | |
| 942 | |c CF | ||